000 00873nac a22002657a 4500
001 BR8002266
003 BR-BrBNA
005 20240105114645.0
008 230509b bl.|||m| |||| 00| 0 por d
040 _aBR-BrBNA
_bpor
_cBiblioteca Nacional de Agricultura
072 _aE70
090 _aE70 BR8002266
110 1 _aBanco do Brasil S.A., Rio de Janeiro, RJ. Carteira de Comercio Exterior
_91114
245 1 _aBrasil exportacao. Janeiro-outubro, 1980
260 3 _aRio de Janeiro, RJ (Brasil):
_c[nd].
300 _a146 p.
490 _aBrasil Exportacao - Banco do Brasil S.A. Carteira de Comercio Exterior (Brazil)
_v
_x
500 _aPublished after 1980; Numerical data
650 _aComercializacao
650 _aExportacao
650 _aPreco
650 _aComercio exterior
909 _a202312
_bLúcia Elande
_c55
_dLúcia Elande
942 _2AGRIS
_n0
_cMS
999 _c270578
_d270578